| 000 | 00712nam a2200265Ia 4500 | ||
|---|---|---|---|
| 003 | OSt | ||
| 005 | 20220928115132.0 | ||
| 006 | a|||||r|||| 00| 0 | ||
| 007 | ta | ||
| 008 | 220927b |||||||| |||| 00| 0 eng d | ||
| 024 | _a30234 | ||
| 037 | _cTextual | ||
| 040 |
_aSDCL _cSDCL _beng |
||
| 041 |
_2eng _aeng |
||
| 082 | _aL:424, P4 | ||
| 100 |
_aMims Cedric _9443200 |
||
| 245 | 0 | _aMedical microbiology. | |
| 250 | _a3 | ||
| 260 |
_aEdinburgh _bMosby _c2004 |
||
| 300 |
_ax,660p. _ccm. |
||
| 700 |
_a Dockrell Hazel M _9443201 |
||
| 700 |
_a Goering Richard V _9443202 |
||
| 942 |
_hL:424, P4 _cTEXL _2CC |
||
| 999 |
_c758353 _d758353 |
||